| 000 | 00541cam a22002291 4500 | ||
|---|---|---|---|
| 001 | sa 67003885 | ||
| 003 | DLC | ||
| 005 | 20260227112342.0 | ||
| 008 | 940603s1966 pk 000 1 urdo | ||
| 010 | _asa 67003885 | ||
| 025 | _aPL480:P-U-1630 | ||
| 035 | _a(OCoLC)30542954 | ||
| 040 |
_aDLC _cCU _dCU _dDLC |
||
| 042 | _apremarc | ||
| 050 | 0 | 0 |
_aPK2200.N6 _bY3 |
| 100 | 0 |
_aNoor-us-Sabah, _cBegum. |
|
| 245 | 1 | 0 | _aYādon̲ ke carāg̲h̲. |
| 260 | _c[1966] | ||
| 300 |
_a624 p. _c19 cm. |
||
| 500 | _aIn Urdu. | ||
| 500 | _aA novel. | ||
| 999 |
_c74145 _d74145 |
||